|
|
|
|
| LEADER |
00000cas a2200000 a 4500 |
| 001 |
vtls010292002 |
| 003 |
SK-MaSNL |
| 005 |
20260504164242.0 |
| 008 |
110713c20079999xo x|p 0 b0slo |
| 022 |
|
|
|a 1337-4435
|
| 040 |
|
|
|a SVKBB
|b slo
|c SVKBB
|d SNK
|e AACR2
|
| 041 |
0 |
|
|a slo
|
| 044 |
|
|
|a xo
|c SK
|
| 072 |
|
7 |
|a 616
|x Patológia. Klinická medicína
|2 konspekt
|
| 080 |
|
|
|a 616-006
|2 2011
|
| 080 |
|
|
|a 050
|2 2011
|
| 080 |
|
|
|a (051)-027.561
|2 2011
|
| 210 |
0 |
|
|a Onkol., Supl.
|
| 222 |
|
0 |
|a Onkológia. Suplement
|
| 245 |
0 |
0 |
|a Onkológia
|p Suplement
|b abstrakty
|
| 246 |
1 |
3 |
|a Onkológia
|b Abstrakty
|
| 260 |
|
|
|a Bratislava
|b Solen
|c 2007-
|
| 300 |
|
|
|a zv.
|b grafy, obr., tab.
|c 21-30 cm
|
| 310 |
|
|
|a Vychádza nepravidelne
|
| 362 |
0 |
|
|a S1 (2007)-
|
| 500 |
|
|
|a Suplement S4/2015 a S1-S3/2016 má rozmer zv. 21 cm ; S5 a S6/2017 má rozmer zv. 21 cm
|
| 500 |
|
|
|a Na obálke časopisu je uvedený názov, ročník, miesto a dátum konania kongresu
|
| 500 |
|
|
|a Časopis je indexovaný v Bibliographia Medica Slovaca ; Bibliografie sú spracované v CIBaMed
|
| 500 |
|
|
|a Citačná skratka: Onkol. Supl.
|
| 500 |
|
|
|a Spracovala spoločnosť Solen, vydavateľ časopisu Onkológia
|
| 525 |
|
|
|a Príloha k časopisu: Onkológia = ISSN 1336-8176
|
| 650 |
0 |
7 |
|a onkológia
|2 SNKPH
|9 2540
|
| 655 |
|
7 |
|a odborné časopisy
|2 SNKPH
|9 70505
|
| 772 |
0 |
|
|t Onkológia
|x 1336-8176
|w vtls008702122
|
| 852 |
|
|
|a Štátna vedecká knižnica v Banskej Bystrici
|
| 856 |
4 |
1 |
|u http://www.solen.sk
|
| 910 |
|
|
|a snk
|
| 910 |
|
|
|a svkbb
|
| 916 |
|
|
|a 2015-2016, 2017, 2018, 2019-2020
|
| 999 |
|
|
|c 7797
|d 9727
|
| 952 |
|
|
|t supl. 1-3, neúplné
|a SNK
|b SNK
|y PREZ
|7 0
|p 17A1522538
|o snkČSB 5699/A/14/2019 D1
|i snk2024/1363
|8 0
|z Chýba č. 2
|0 0
|1 0
|4 0
|d 2024-01-24
|l 0
|r 2026-02-21 19:48:13
|w 2026-02-21
|
| 952 |
|
|
|t supl. 1-4, neúplné
|a SNK
|b SNK
|y PREZ
|7 0
|p 17A1522539
|o snkČSB 5699/A/15/2020 D1
|i snk2024/1364
|8 0
|z Chýba č. 2-4
|0 0
|1 0
|4 0
|d 2024-01-24
|l 0
|r 2026-02-21 19:48:13
|w 2026-02-21
|
| 952 |
|
|
|t supl. 1-2
|a SNK
|b SNK
|y PREZ
|7 0
|p 17A1522540
|o snkČSB 5699/A/16/2021
|i snk2024/1369
|8 0
|0 0
|1 0
|4 0
|d 2024-01-24
|l 0
|r 2026-02-21 19:48:13
|w 2026-02-21
|
| 952 |
|
|
|t supl. 1-4
|a SNK
|b SNK
|y PREZ
|7 0
|p 17A1522541
|o snkČSB 5699/A/17/2022
|i snk2024/1373
|8 0
|z Supl. 1 má na titulnej strane uvedený chybný ročník XVI.
|0 0
|1 0
|4 0
|d 2024-01-24
|l 0
|r 2026-02-21 19:48:13
|w 2026-02-21
|
| 952 |
|
|
|t supl. 1-3, neúplné + 1 príl.
|a SNK
|b SNK
|y PREZ
|7 0
|p 17A1434893
|o snkČSB 5699/A/14/2019
|i snk2021/9481
|8 0
|z Chýba č. 2 ; Prílohy: Súhrn charakteristických vlastností lieku (v č. 3) ; Č. 3 má rozmer zv. 21 cm
|f 1
|0 0
|1 0
|4 0
|d 2021-07-29
|l 0
|r 2026-02-21 19:58:35
|w 2026-02-21
|
| 952 |
|
|
|t supl. 1-4
|a SNK
|b SNK
|y PREZ
|7 0
|p 17A1434892
|o snkČSB 5699/A/15/2020
|i snk2021/9485
|8 0
|z Č. 3 má rozmer zv. 21 cm
|f 1
|0 0
|1 0
|4 0
|d 2021-07-29
|l 0
|r 2026-02-21 19:58:35
|w 2026-02-21
|
| 952 |
|
|
|t supl. 1-4
|a SNK
|b SNK
|y PREZ
|7 0
|p 17A1365574
|o snkČSB 5699/A/11/2016 D1
|i snk2019/7535
|8 0
|0 0
|1 0
|4 0
|d 2019-03-19
|l 0
|r 2026-02-21 21:51:51
|w 2026-02-21
|
| 952 |
|
|
|t supl. 1-7, neúplné
|a SNK
|b SNK
|y PREZ
|7 0
|p 17A1265785
|o snkČSB 5699/A/12/2017
|i snk2019/7537
|8 0
|z Chýba č. 1
|f 1
|0 0
|1 0
|4 0
|d 2019-03-19
|l 0
|r 2026-02-21 21:51:51
|w 2026-02-21
|
| 952 |
|
|
|t supl. 1-7, neúplné
|a SNK
|b SNK
|y PREZ
|7 0
|p 17A1368645
|o snkČSB 5699/A/12/2017 D1
|i snk2019/17502
|8 0
|z Chýba č. 1,3
|0 0
|1 0
|4 0
|d 2019-06-27
|l 0
|r 2026-02-21 22:14:49
|w 2026-02-21
|
| 952 |
|
|
|t supl. 1-5, neúplné
|a SNK
|b SNK
|y PREZ
|7 0
|p 17A1368646
|o snkČSB 5699/A/13/2018
|i snk2019/17509
|8 0
|z Chýba suppl. 1
|f 1
|0 0
|1 0
|4 0
|d 2019-06-27
|l 0
|r 2026-02-21 22:14:49
|w 2026-02-21
|
| 952 |
|
|
|t supl. 1-4, neúplné
|a SNK
|b SNK
|y PREZ
|7 0
|p 17A1267396
|o snkČSB 5699/A/10/2015
|i snk2018/1255
|8 0
|z Chýba č. S2
|f 1
|0 0
|1 0
|4 0
|d 2018-01-17
|l 0
|r 2026-02-21 22:26:00
|w 2026-02-21
|
| 952 |
|
|
|t supl. 1-4, neúplné
|a SNK
|b SNK
|y PREZ
|7 0
|p 17A1267397
|o snkČSB 5699/A/10/2015 D1
|i snk2018/1258
|8 0
|z Chýba č. S2
|0 0
|1 0
|4 0
|d 2018-01-17
|l 0
|r 2026-02-21 22:26:00
|w 2026-02-21
|
| 952 |
|
|
|t supl. 1-4
|a SNK
|b SNK
|y PREZ
|7 0
|p 17A1267398
|o snkČSB 5699/A/11/2016
|i snk2018/1262
|8 0
|f 1
|0 0
|1 0
|4 0
|d 2018-01-17
|l 0
|r 2026-02-21 22:26:00
|w 2026-02-21
|